000 01307nam a22002777a 4500
005 20170410143311.0
008 140714b xxu||||| |||| 00| 0 Urdu d
010 _aUR-114 B-547985-988 B-665891
020 _a9789350733165
_c500.00
035 _aU-114 B-547985-988 B-665891
037 _bBPPD/Pub/Ven
037 _bPansy Books (Vend.)/Edu pub. House(Pub.)
040 _aDPL
_bUrdu
082 _aن
100 _aمشر ف عا لم ذ و قی
245 _aسلسلہ رو ز و شب
_cمشر ف عا لم ذ و قی
246 _aSilsila-i-Rozo Shab
_bbyMusharaf Alam Zoqi
260 _aد ھلی
_bا يجو کيشنل پبليشنگ ہا ؤس
_c2014
260 _bPansy Books(Vender)
270 _a3108،و کيل اسٹر يٹ ،کو چہ پنڈ ت ،لال کنو ا ن
_bد ھلی
_e110006
_k23216162،23214465
270 _aR2,/66/A Somesh Vihar,Chhawala
_bNew Delhi
_e110071
_k01125317355
300 _a496ص
_c22Cm (Hb)
942 _2ddc
_cUR
_e
_hن
_mم ش ر
999 _c87347
_d87347